00387nam a22001457a 450000500170000000800410001704100080005808200230006610000110008924500400010026000520014030000090019250000250020150000150022620250426110526.0250426b |||||||| |||| 00| 0 eng d amar a891.46bSON B22593 aSoni S aBharatachi Ujjwal Vidnyan Parampara aPunebBharatiya Vichar Sadhana Prakashan c2024 a206p aMarathi Literature  aLiterature